Topics in complex function theory /
Guardado en:
| Autor Principal: | |
|---|---|
| Formato: | Libro |
| Idioma: | English German |
| Publicado: |
New York :
Wiley-Interscience,
c1969-c1973.
|
| Series: | Interscience tracts in pure and applied mathematics ;
25 |
| Materias: | |
| Etiquetas: |
Agregar Etiqueta
Sin Etiquetas, Sea el primero en etiquetar este registro!
|
| LEADER | 01413cam a2200325 a 4500 | ||
|---|---|---|---|
| 001 | MAT.inmabb002918 | ||
| 008 | 691027m19691973nyua#####b####001#0#eng## | ||
| 005 | 20130323063720.0 | ||
| 245 | 1 | 0 | |a Topics in complex function theory / |c by C. L. Siegel ; translated from the original German by A. Shenitzer ... [et al.]. |
| 260 | |a New York : |b Wiley-Interscience, |c c1969-c1973. | ||
| 300 | |a 3 v. : |b il. ; |c 24 cm. | ||
| 440 | 0 | |a Interscience tracts in pure and applied mathematics ; |v 25 | |
| 500 | |a Traducción del curso dictado por el autor en Göttingen en 1964. | ||
| 504 | |a Bibliografía: v. 3, p. 193-240. | ||
| 505 | 0 | |a v. 1. Elliptic functions and uniformization theory -- v. 2. Automorphic functions and Abelian integrals -- v. 3. Abelian functions and modular functions of several variables. | |
| 510 | 4 | |a MR, |c 41 #1977 |3 (v. 1) | |
| 510 | 4 | |a MR, |c 57 #16317b |3 (v. 3) | |
| 020 | |a 0471790702 (v. 1) | ||
| 020 | |a 047179080X (v. 2) | ||
| 020 | |a 0471790907 (v. 3) | ||
| 100 | 1 | |a Siegel, Carl Ludwig, |d 1896- | |
| 650 | 0 | |a Functions of complex variables. | |
| 084 | |a 30-02 (11F03 32-02) (v. 1-2) |2 MR | ||
| 084 | |a 11F46 (14K25 14K30 32N10) (v.3) |2 MR | ||
| 010 | |a 69019931 | ||
| 040 | |a DLC |c DLC |d DLC | ||
| 041 | 1 | |a eng |h ger | |
| 859 | |h 30 |i Si571 |p A-4932 |v 1 |3 Vol. 1 |b BIB. MATEMATICA | ||
| 859 | |h 30 |i Si571 |p A-4933 |v 2 |3 Vol. 2 |b BIB. MATEMATICA | ||
| 859 | |h 30 |i Si571 |p A-4934 |v 3 |3 Vol. 3 |b BIB. MATEMATICA | ||
